Statistics for Minecraft YouTubers

Click here to take the quiz!

General Stats

  • This quiz has been taken 112 times
    (110 since last reset)
  • The average score is 7 of 20

Answer Stats

HintAnswer% Correct
Manhunt LegendDream
98%
Pig SwordTechnoblade
94%
GogyGeorgeNotFound
76%
The Annoying ChildTommyInnit
67%
Longest Hardcore WorldPh1Lza
65%
PandasSapnap
51%
Troll KingSkeppy
46%
Singer and GamerWilburSoot
46%
Devil with A TwistBadBoyHalo
42%
Redstone BuilderMumboJumbo
42%
SMP AnimatorSAD-ist
27%
A Good PresenceTubbo
25%
Minecraft Coder/ RoleplayerFundy
19%
MCC CreatorsNoxcrew
13%
MinecraftMinecraft
8%
God of MinecraftNotch
7%
Minecraft ChallengesTapL
6%
Minecraft SurvivalWadZee
4%
Parkour BackgroundCaptain Sparklez
2%
Minecraft Coder/ ChallengesWisp
2%

Score Distribution

Percentile by Number Answered

Percent of People with Each Score

Your Score History

You have not taken this quiz since the last reset